[Event "Karditsa"]
[Site "Karditsa"]
[Date "1996.??.??"]
[Round "8"]
[White "Kotronias, Vasilios"]
[Black "Anagnostopoulos, Dimitrios"]
[Result "0-1"]
[WhiteElo "2610"]
[BlackElo "2460"]
[Annotator "Schulz,Andre"]
[PlyCount "108"]
[EventDate "1996.03.??"]
[EventType "tourn"]
[EventRounds "9"]
[EventCountry "GRE"]
[EventCategory "12"]
[SourceTitle "CBM 053"]
[Source "ChessBase"]
[SourceDate "1996.08.01"]
[SourceVersion "1"]
[SourceVersionDate "1996.08.01"]
[SourceQuality "1"]

1. e4 {Johnson,M Hecht Alterman} c5 2. Nf3 d6 3. d4 cxd4 4. Nxd4 Nf6 5. Nc3 g6
6. Be3 Bg7 7. f3 O-O 8. Qd2 Nc6 9. Bc4 Bd7 10. O-O-O Ne5 11. Bb3 Rc8 12. h4 h5
13. Bh6 (13. Bg5) (13. Kb1 {Johnson,M} Nc4 14. Bxc4 Rxc4 15. Nb3 Qc7 16. Bd4
Be6 17. g4 Rc8 18. gxh5 Nxh5 19. Rdg1 Kh7 20. Bxg7 Kxg7 21. Nd4 Qc5 22. Nce2
Ra4 23. b3 Ra6 24. Rg5 Qa3 25. Nc1 Rc5 26. Rhg1 Bd7 27. Nf5+ Bxf5 28. Rxh5 Bh3
29. Qh6+ Kf6 30. Qf4+ Ke6 31. Rh7 f6 32. Qg3 f5 33. Qxh3 {1-0 Tukmakov,
V-Sosonko,G/Amsterdam 1974}) 13... Bxh6 (13... Nc4 {Johnson,M}) 14. Qxh6 Rxc3
15. bxc3 Qa5 (15... Qc8) (15... Qc7 {Johnson,M is slightly more precise,
preserving the option of ...a5}) 16. Kb1 b5 $146 (16... Rc8 {Johnson,M} 17. g4
Qxc3 18. gxh5 Nc4 19. Qc1 Nxh5 20. Rd3 Qb4 21. Rg1 a5 22. Ka1 a4 23. Bxc4 Qxc4
24. Qh6 Rc5 25. Rg5 e5 26. Rxh5 gxh5 27. Qg5+ Kf8 28. Qh6+ Kg8 29. Qg5+ Kf8 30.
Qd8+ Kg7 31. Qg5+ {1/2-1/2 Hellers,F-Watson,W/Herning 1991}) (16... Qxc3 $2 {
Johnson,M} 17. Ne2 $1 $16) 17. g4 (17. f4 Nc4 18. f5 Qxc3 19. Bxc4 bxc4 20.
fxg6 Rb8+ 21. Nb3 cxb3 22. gxf7+ Kxf7 23. cxb3 Bc6 {0-1 Wagner,H-Christoffel,U/
RL-ch Trier ;GER 05 1992}) (17. Ne2 {Alterman} Qa3 18. Nf4 Nc4 19. Nd3 d5 20.
e5 Nh7 21. Qc1 Qa5 22. Nb4 e6 23. f4 f5 $44 {Lanc,A-Diaz,J.C/TrnavaII/1988/})
17... Qxc3 18. Nf5 {Solche Opferangebote spielt Weiß häufig ohne großes
Durchrechnen. Irgendwie wird es schon gehen...} (18. gxh5 Nxh5 (18... Nc4 {
Alterman} 19. Qc1 $1 Nxh5 20. Rd3 Qb4 21. Qh6 Rb8 22. Ka1 Qc5 23. Rg1 Qe5 24.
Rg5 Qf4 25. Rd1 Qe3 26. Rxg6+ fxg6 {Magem Badals,J-Romero Holmes,A/Monzon tt/
1987/1:0/}) 19. Qd2 (19. Rhg1 Ng7 (19... Nf6 $4 20. Rxg6+ Nxg6 21. Qxg6+ Kh8
22. Bxf7 $18) 20. Qd2 (20. h5 Nc4 $13) 20... Qxd2 21. Rxd2 $10) 19... Qxd2 20.
Rxd2 Nf4 21. Rdh2 (21. Kb2 a5 22. a3 Kg7 23. Rg1 Rh8 24. Rh2 Kf6 25. Rg3 Nh5
26. Rg1 $14) 21... Rc8 22. Rg1 Kg7 23. Kb2 b4 24. h5 Rh8 25. Rh4 Nxh5 26. f4
Nc6 27. Nf5+ Kf8 28. Ng3 Nd4 29. Rg2 Nf3 30. Rh1 Bg4 31. Ne2 f5 32. exf5 gxf5
33. Rxg4 fxg4 34. Ng3 Nxg3 35. Rxh8+ Kg7 36. Rg8+ Kf6 37. Rxg4 Ne2 38. Bc4 Ned4
39. Rg8 e6 40. Rf8+ Ke7 41. Rb8 d5 42. Bb5 a5 43. Ba4 Nd2 44. Bb5 Ne4 45. Bf1
Nc3 46. Ra8 a4 47. a3 Nd1+ 48. Kc1 Ne3 49. Bd3 bxa3 50. Rxa4 a2 51. Rxa2 e5 52.
Ra7+ Kf6 53. Ra6+ Ne6 54. Bh7 Nf5 55. Bg8 Nfd4 56. Kd1 {1-0 Apicella,M-Payen,A/
Biel op (02) ;EXP 31 1992}) (18. Ne2 $2 {Johnson,M} Qxf3 $17) 18... Bxf5 {
und Schwarz lehnt sie genauso automatisch ab: Warum sich auf Komplikationen
einlassen?} (18... gxf5 $5 {ist sehr zu prüfen. Ich habe keinen zwingenden
Gewinn für Weiß gefunden.} 19. gxh5 (19. gxf5 Qxf3 20. Rhg1+ Neg4 21. Qg6+ (21.
e5 Qxd1+ $19) 21... Kh8 22. Bxf7 Qxe4 $19) (19. g5 Qe3 $1) 19... Qxf3 20. Rhg1+
Neg4 21. Qg6+ Kh8 22. Bxf7 Qxe4 23. h6 Qb4+ 24. Bb3 Rg8 $19) 19. exf5 (19. gxf5
{Alterman} Nc4 20. Qc1 Qxf3 $44) 19... Nc4 20. Qc1 (20. Bxc4 bxc4 21. fxg6 Qa3
$19) 20... Qxf3 21. fxg6 hxg4 22. Rd3 (22. gxf7+ {Johnson,M} Kxf7 $1 23. Rhf1
Qh3 24. Qh6 Qc3 25. Bxc4+ bxc4 26. Qh7+ Ke8 $10) 22... Qf5 23. Re1 (23. gxf7+ {
Alterman} Rxf7 (23... Kxf7 $6 24. Qg5 $1 $14) 24. Re1 (24. Rf1 {Johnson,M} Qe5
25. Qg5+ $14) 24... Ne4 $10) 23... Qxg6 (23... Ne4 $5 {Alterman}) 24. Rxe7 Ne4
25. Qg1 (25. h5 {Alterman} Qf5 26. h6 a5 27. h7+ Qxh7 28. Qe1 Qg7 $1) (25. Rxa7
g3 26. Re7 g2 27. Qg1 Ned2+ 28. Kc1 Qf6 $19) (25. Rd4 {Alterman} d5 $1) 25...
d5 (25... Ned2+ {Johnson,M} 26. Kc1 Nf3 27. Qg3 Qg7 28. c3 $10) 26. Qd4 g3 (
26... Qb6 $6 {Alterman} 27. Qxb6 axb6 28. Kc1) (26... a5 {Alterman} 27. Rd1 Qg7
$132) 27. Bxc4 bxc4 28. Rd1 Rb8+ $6 (28... Qf6 $4 29. Rxe4 $18) (28... Qg4 $5)
(28... Qb6+ {Alterman} 29. Qxb6 axb6 30. Kc1 f5 31. Rxd5 g2 32. Rd1 Kh8 33. Rg1
Rg8 34. Re5 $16) (28... Qg7 $1 {Alterman} 29. Qxg7+ Kxg7 30. Kc1 g2 31. Rg1 Kf6
32. Rxa7 Rg8 33. h5 $140 d4 34. h6 d3 35. cxd3 cxd3 36. h7 Rh8 37. Rxg2 Rxh7
38. Rd7 Rh1+ 39. Kb2 d2 40. Rgxd2 $10) 29. Ka1 (29. Kc1 $4 Qh6+ $19 (29... Qh6+
30. Rd2 c3 $19)) 29... g2 $6 (29... Qg4 $2 30. Qxd5 $18) (29... Qg7 30. Qxg7+
Kxg7 31. Rxd5 Nc3 (31... g2 {Alterman} 32. Rd1) 32. Rg5+ $16) (29... Qb6 {
Alterman} 30. Qxb6 Rxb6 31. Rxd5 g2 32. Rd1 Rg6 (32... Nc3 33. Rg1 Rb1+ 34.
Rxb1 Nxb1 35. Re1 $18) 33. Rg1 f5 34. Re5 $16) (29... Nd6 30. Re5 (30. Qxd5 {
Johnson,M} Qxc2 31. Qg5+ Kf8 32. Qh6+ Kg8 33. Qg5+ Kf8 34. Qh6+ $10) (30. Rxa7
{Johnson,M} Nb5 31. Qe5 Qg7 $1 32. Qxg7+ Kxg7 33. Ra5 (33. Rd7 $2 Na3 $1 34.
Rc1 g2 $19) 33... Nc3 34. Rg1 Kh6 35. Ra3 d4 $19 36. Rxc3 dxc3 37. Rxg3 Kh5 38.
Rxc3 Kxh4 39. Rxc4+ Kg3 40. a4 f5 41. a5 f4 42. a6 f3 $19) 30... Nb5 31. Qd2
Qg7 32. Qg5 $8 Na3 $1 33. Qxg7+ Kxg7 34. Re2 c3 $19) 30. Rg1 Qf5 31. Rxg2+ Kf8
32. Rg1 Kxe7 33. Qxa7+ Ke6 34. Qxb8 Qf6+ 35. Qb2 Qxh4 36. Qb6+ (36. a4 $1 {
Alterman} Qf2 37. Rb1 $16) 36... Nd6 37. Rd1 (37. a4 $1 {Alterman} d4 38. Rd1
$16) 37... Qe4 38. Qd4 (38. Kb1 $1) 38... Qxd4+ 39. Rxd4 Ke5 40. Rd1 f5 41. a4
(41. Kb2 {Johnson,M} f4 42. Kc3 f3 43. Kd2 Ne4+ 44. Ke1 Nc3 45. Ra1 Kf4 46. a4
Kg3 47. Kf1 d4 48. a5 Nd5 $19) 41... f4 42. Re1+ (42. a5 f3 43. a6 Nc8 (43...
Nb5 44. Rb1 Na7 (44... f2 45. Rf1) 45. Rb7 f2 46. Rf7) 44. c3 (44. Kb2 {
Johnson,M} Ke4 45. Kc3 f2 46. Kd2 Kf3 47. Rf1 d4 48. Ra1 Na7 $19) 44... Ke4 45.
Rd4+ Ke3 46. Rxd5 f2 47. Rf5 Ke2 48. Re5+ Kf3 49. Rf5+ $10) 42... Kd4 (42...
Ne4 $4 {Johnson,M} 43. a5 {+-}) 43. Rd1+ Ke4 44. Re1+ Kd4 45. c3+ $2 (45. a5 f3
46. a6 Nb5 47. Re6 f2 48. Rf6 Ke3 49. Re6+ Kd2 50. Rf6 Ke1 51. Re6+ $10) (45.
Rd1+ $10 {Alterman}) (45. Rd1+ {Johnson,M} Ke4 46. Re1+ Kd4 47. Rd1+ {with a
draw by repetition was more prudent. I get the impression that White was
trying to win this position, but Black also has plenty of winning chances.})
45... Kxc3 46. a5 Kd2 $19 (46... d4 {Johnson,M} 47. a6 Nb5 48. Re5 Na7 49. Re7
Nb5 50. Rb7 d3 51. Rxb5 d2 52. Rd5 f3 53. a7 f2 54. a8=Q f1=Q+ 55. Ka2 {
is winning for White, e.g.} d1=Q (55... Qc1 56. Qh8+ Kb4 57. Qb2+ Qxb2+ 58.
Kxb2 c3+ 59. Kc2 {+-}) 56. Qh8+ Kb4 (56... Kc2 57. Qb2#) 57. Qb8+ Kc3 58. Qb2#)
47. Re5 {but this loses} (47. a6 $1 {Alterman} Nc8 (47... Kxe1 $1 48. a7 f3 49.
a8=Q f2 50. Qa5+ $1 (50. Qxd5 f1=Q 51. Qxd6 Qd3 52. Qe5+ Kd2 53. Qg5+ Kc2 54.
Qg2+ Kc1 55. Qg1+ Qd1 $19) 50... Ke2 51. Qa2+ Kf3 (51... Ke1 {Johnson,M} 52.
Qb1+ Ke2 53. Qc2+ Ke1 {with a draw because White cannot make progress}) 52. Qb1
(52. Qa3+ Kg2 53. Qb2 Ne4 54. Qe2 Ng3 55. Qd2 d4 56. Ka2 d3 57. Ka3 Kf3 58.
Qd1+ Ke3 59. Qc1+ d2 60. Qc3+ Ke2 61. Qxc4+ Ke1 $19) 52... Ne4 53. Qf1 Nd2 54.
Qh3+ Ke2 55. Qg4+ Ke1 56. Qg3 Nf3 57. Kb2 d4 58. Kc1 Ke2 59. Qg2 d3 $19) 48.
Re8 Na7 49. Rd8 $1 (49. Re7 Nb5 50. Rb7 Nd6 51. Rb2+ Ke3 52. a7 {+-})) (47. Re6
$2 {Johnson,M} Ne4 $1 (47... Nb5 $2 48. Rb6 Nd4 49. a6 c3 50. a7 c2 51. Rb1 $3
{+-}) 48. a6 f3 49. Re5 f2 50. Rxd5+ Ke2 51. Rf5 c3 52. a7 c2) 47... d4 48. Rd5
d3 {-+} 49. a6 (49. Rxd6 {Alterman} c3 50. Rc6 (50. a6 {Johnson,M} c2 51. Rc6
f3 52. a7 f2 53. a8=Q f1=Q+ 54. Ka2 Qb1+ 55. Ka3 Qa1+ 56. Kb3 Qxa8 $19) 50...
Kc2 51. a6 d2 52. Rd6 f3 $19) 49... Nc8 (49... c3 $2 {Johnson,M} 50. a7 c2 51.
Rc5 {+-}) 50. Rc5 Nb6 51. Rc6 (51. Kb2 {Johnson,M} f3 52. a7 c3+ $1 (52... f2
$2 53. Rf5 Ke2 54. Re5+ Kd1 55. Rf5 d2 56. Rxf2 Ke1 57. Rg2 d1=Q 58. Rg1+ Kd2
59. Rxd1+ Kxd1 60. Kc3 Kc1 61. a8=Q Nxa8 62. Kxc4 $10) 53. Rxc3 f2 54. Rc1 Ke2
{-+}) 51... c3 52. Rxb6 c2 {[#] Übergang in ein verlorenes Bauernendspiel nach
Turmrückgabe} 53. Rb1 (53. Rc6 {Hecht} f3 54. a7 f2 55. a8=Q f1=Q+ 56. Ka2 Qb1+
57. Ka3 Qa1+ $19) 53... cxb1=Q+ 54. Kxb1 Kc3 (54... Kc3 {Hecht} 55. Kc1 (55. a7
d2 56. a8=Q d1=Q+ 57. Ka2 Qb3+ 58. Ka1 Qb2#) 55... d2+ 56. Kd1 f3 57. a7 f2 58.
Ke2 d1=Q+ $19) (54... Ke2 $2 {Johnson,M} 55. a7 d2 56. a8=Q d1=Q+ 57. Kb2 {
gives White drawing chances}) 0-1

[Event "Ischia"]
[Site "Ischia"]
[Date "1996.??.??"]
[Round "8"]
[White "Smirin, Ilia"]
[Black "Hodgson, Julian M"]
[Result "1/2-1/2"]
[WhiteElo "2615"]
[BlackElo "2615"]
[Annotator "Schulz,Andre"]
[PlyCount "48"]
[EventDate "1996.06.??"]
[EventType "tourn"]
[EventRounds "9"]
[EventCountry "ITA"]
[EventCategory "14"]
[SourceTitle "CBM 054"]
[Source "ChessBase"]
[SourceDate "1996.10.01"]
[SourceVersion "1"]
[SourceVersionDate "1996.10.01"]
[SourceQuality "1"]

1. e4 {Johnson,M} c5 2. Ne2 d6 3. Nbc3 g6 4. d4 cxd4 5. Nxd4 Nf6 6. Be3 Bg7 7.
f3 O-O 8. Qd2 Nc6 9. Bc4 Bd7 10. O-O-O Ne5 11. Bb3 Rc8 12. h4 h5 13. Bg5 Rc5
14. Kb1 Re8 {Eine Finesse. Schwarz umgeht das Abspiel 14...b5 15.g4. Vgl. dazu
Haba-Pribyl, 1996 in der gleichen Magazin Ausgabe. Wenn Weiß jetzt trotzdem g4
zieht, hat Schwarz ein wichtiges Verteidigungstempo gewonnen, weil Re8
wesentlich mehr leistet als b5. This move has been seen in quite a few games
during the nineties, it's main exponent being Dragon specialist Jonathan
Mestel. It was also used by Kasparov against Anand in the PCA Wch in 1995. 14..
.b5 is a well tried and sound alternative} 15. Rhe1 Qa5 {Dieser Damenausflug
wurde nach Anand-Kasparov, New York 1995 kritisiert, weil man der Meinung war,
daß die Dame in dieser Variante auf a5 nichts zu suchen hat. Kann sein. Die
haupsächliche Alternative ist 15...b5.} (15... Qc7 {Johnson,M walks into} 16.
Bxf6 Bxf6 (16... exf6 17. f4 Nc4 18. Bxc4 Rxc4 19. Ndb5 {looks like a winning
position for White}) 17. Nd5 {with a clear advantage for White}) (15... b5 {
is worthy of serious consideration}) 16. a3 {Die Neuerung von Anand gegenüber
der Partie Beliavsky-Georgiev, Wijk aan Zee 1985. Die Idee ist folgende: Wenn
Schwarz jetzt am Zuge wäre und b7-b5 spielt, dann könnte Weiß Bxf6 und Nd5
spielen. Der erzwungene Tausch der Damen auf d2 (ohne Schachgebot) ermöglicht
den Zwischenzug Nxf6 (mit Schach!) und ergibt für Schwarz einen häßlichen
Isolani auf d6. Welchen unschuldigen und einigermaßen nützlichen Zug kann man
machen, um auf b7-b5 zu warten? So kam Anand auf 16.a3.} Qa6 $1 $146 {Das ist
viel besser als das unverständige b7-b5. Schwarz nimmt die Dame von der
Diagonalen a5-e1, um nach weißem Nd5 nicht wegen der ungedeckten Qa5 auf d2
schlagen zu müssen. Nun ist 17...b7-b5 möglich und der Bauer auf a3 wird nach
b5-b4 zur Angriffsmarke.  but not now} (16... b5 $6 17. Bxf6 exf6 (17... Bxf6
18. Nd5 $16) 18. Nde2 Rc6 19. Nd5 Qxd2 20. Rxd2 Nc4 21. Bxc4 bxc4 22. Red1 $16
{1/2-1/2 Anand,V-Kasparov,G (17)/PCA-Wch (New York) ;CBM 49 1995 (63)}) 17. f4
Nc4 18. Bxc4 $6 (18. Qd3 $5 b5 (18... Rec8 19. Bxf6 Bxf6 20. Nd5) 19. Bxf6 Bxf6
20. Nd5 Bg7 21. f5 $13) 18... Rxc4 $15 {Nun droht Springerabzug und Rxd4.} 19.
e5 $6 {Wenn Weiß in dieser Variante f3-f4 zieht, macht der Bg5 keine
glückliche Figur mehr. So ist Schwarz z.B. notfalls nicht einmal gezwungen den
Nf6 wegzuziehen, weil nach 20.exf6 exf6 der B kein Rückzugsfeld hat.} (19. Nf3
$5) (19. f5 $5) 19... Nh7 {The main point of 14...Re8 now emerges - the e7
pawn is defended!} 20. e6 (20. Nd5 Bg4 (20... Nxg5 21. hxg5 b5 22. e6 fxe6 23.
Nxe6 Bxe6 24. Rxe6 $16) 21. Nf3 Nxg5 22. hxg5 dxe5 $17) 20... Bxe6 $6 (20...
fxe6 $5 21. Nxe6 Bxc3 22. bxc3 Ra4 (22... Qxa3 $5 {/\ Ra4} 23. Qd3 {/\ Qg6,
Qg7#} Qxc3 $8 24. Qxg6+ (24. Qxc3 Rxc3 $19) 24... Kh8 25. Bh6 Bxe6 $5 (25...
Rg8 26. Bg7+ Rxg7 27. Qxg7+ Qxg7 28. Nxg7 Bg4 29. Rd2 Kxg7 30. Rxe7+ Kg6 31.
Rxb7 $10) 26. Qxe8+ (26. Bg7+ Qxg7 27. Qxe8+ Bg8 $19) 26... Bg8 27. Qg6 Bf7 28.
Bg7+ $1 (28. Qd3 Rb4+ 29. Kc1 Qb2+ 30. Kd2 Rd4 $19) 28... Qxg7 29. Qxg7+ Kxg7
30. Rxe7 Rb4+ $17) 23. Qd3 (23. Nd4 Rxa3 24. Nb3 Bf5 $19) (23. Nc7 Qb6+ $19)
23... Qxd3 24. cxd3 Nxg5 25. hxg5 Bxe6 26. Rxe6 Kf7 $17) (20... Bxd4 $2 21.
exd7 Rd8 22. Rxe7 Bxc3 23. Qd5 $18) (20... Rxd4 $2 21. exd7 Rd8 22. Qe3 (22.
Qe2 $2 Qxe2 23. Rxe2 Rxd1+ 24. Nxd1 Nxg5 25. fxg5 Rxd7 $17) 22... Rxd1+ 23.
Nxd1 (23. Rxd1 Rxd7 24. Bxe7 Bxc3 $13) 23... Rxd7 24. Bxe7 $16) 21. Nxe6 Bxc3 {
Other moves give White good attacking chances e.g.} (21... fxe6 $2 {Johnson,M}
22. Rxe6 Nxg5 23. hxg5 Bxc3 24. Qd5 $1 Kh7 25. Qd3 $1 Rg8 26. Rh1 $1 Qb5 27. b3
Rc5 28. Rxh5+ Kg7 29. Rxe7+ Kf8 30. Rhh7 $18) 22. bxc3 Qxa3 (22... fxe6 $5 23.
Rxe6 Qb5+ (23... Qxa3 24. Qd3 Nf8 25. Rxg6+ $18) 24. Ka2 Qf5 25. Rde1 Nxg5 26.
hxg5 Rxf4 $15) 23. Nd4 Nxg5 24. hxg5 Ra4 (24... Ra4 25. Nb3 Qa2+ 26. Kc1 Qa3+
27. Kb1 $10 (27. Kb1 Qa2+ {etc})) 1/2-1/2

[Event "CZE-ch"]
[Site "Turnov"]
[Date "1996.??.??"]
[Round "3"]
[White "Haba, Petr"]
[Black "Pribyl, Martin"]
[Result "1-0"]
[WhiteElo "2455"]
[BlackElo "2325"]
[Annotator "Schulz,Andre"]
[PlyCount "59"]
[EventDate "1996.??.??"]
[EventType "tourn"]
[EventRounds "11"]
[EventCountry "CZE"]
[EventCategory "8"]
[SourceTitle "CBM 054"]
[Source "ChessBase"]
[SourceDate "1996.10.01"]
[SourceVersion "1"]
[SourceVersionDate "1996.10.01"]
[SourceQuality "1"]

1. e4 {Johnson,M Petursson} c5 2. Nf3 d6 3. d4 cxd4 4. Nxd4 Nf6 5. Nc3 g6 6.
Be3 Bg7 7. f3 O-O 8. Bc4 Nc6 9. Qd2 Bd7 10. O-O-O Rc8 11. Bb3 Ne5 12. h4 h5 13.
Bg5 Rc5 14. Kb1 {Die Variante mit 14.Kb1 und 15.g4 wurde erstmals von Karpov
1986 gegen Sznapik gespielt. Wenn man diese Variante studiern möchte, sollte
man sich unbedingt auch die Motive der verwandten Variante 14.g4 (anstatt 14.
Kb1 b5 15.g4) anschauen.} b5 {Die Idee von 14.Kb1 ist, daß der Königszug
wesentlich mehr leistet als der Zug b7-b5. Noch wichtiger ist, daß der
schwarze Damenausflug nach b6 nun nicht mit Druck auf den Bauern b2 verbunden
ist.} 15. g4 hxg4 {The old move and now known to be inferior to 15...a5} 16. h5
Nxh5 $6 {Sehr riskant. Die schwarze Stellung hängt danach am berühmten
seidenen Faden.  And here 16...Rxc3 is the best chance of survival} (16... Rxc3
$1 {Johnson,M Petursson  is a better defensive resource}) 17. Nd5 {Zwei
Möglichkeiten, den Angriff auf e7 zu beantworten, wurden bisher gespielt.
White has virtually a winning position already} Rxd5 (17... Re8 $142 18. Rxh5
gxh5 19. Qh2 Rxd5 $1 {scheint die einzige Möglichkeit zu sein.} (19... Rc4 $2
20. Bxc4 bxc4 21. Qxh5 f6 22. f4 Nf7 23. Bh4 Qb8 24. Rh1 c3 25. b3 Qb7 26. f5
Ne5 27. Ne6 {1-0 Karpov,An-Sznapik,A/Dubai olm (14) ;TD 86\02 1986}) 20. Bxd5
Qb6 21. Nf5 $5 Bxf5 (21... Nxf3 22. Qxh5 Nxg5 23. Nxg7 $18) 22. exf5 Qc5 $1 23.
Qxh5 Rc8 $1 (23... gxf3 $2 {- 22.gxf3}) 24. c3 (24. Bb3 gxf3 25. Rh1 Kf8 26.
Qh7 Ng4 27. Qh5 Ne5 $10) 24... gxf3 25. Bxe7 (25. Bf4 f2 26. Bxe5 Qxd5 27. Rxd5
f1=Q+ 28. Rd1 Qg2 $10 29. Bh2) 25... f2 26. Bg2 Qe3 27. Rh1 f1=Q+ 28. Rxf1 Nc4
29. Bg5 Qd3+ 30. Kc1 Nxb2 31. f6 Rxc3+ {0-1 Shorochov-Pillhock, corr 1990}) 18.
Bxd5 {Die kritische Stellung der Variante. Alle bisher von Schwarz probierten
Züge können nicht so recht überzeugen.} gxf3 $2 {Schlecht. Nun ist der Nd4
beweglich, weil Ne5xf3 nicht mehr möglich ist.  Tryimg to improve on the
previously seen} (18... Nc4 $5 {Petursson} 19. Qe1 $1 {/\Qh4 Der Angriff auf
der h-Linie ist thematisch.} (19. Bxc4 {Johnson,M} bxc4 20. fxg4 Bxg4 21. Rdg1
$40) 19... Qb6 20. Rxh5 gxh5 21. Qh4 e6 (21... Bxd4 22. Bxe7 Nd2+ 23. Ka1 $18 (
23. Rxd2 $2 Bf6 $1)) 22. Bf6 $1 Ne5 (22... Bxf6 23. Qxf6 Qd8 24. Qh6 exd5 25.
Nf5 $1 Bxf5 26. exf5 $18) 23. Qg5 Ng6 24. Nf5 exd5 (24... exf5 25. Qxg6 $18)
25. Ne7+ Kh7 26. Qxh5+ Bh6 27. Bg5 {1-0 Haubrich-Colias/USA 1990} (27. Qxh6+
Kxh6 28. Rh1+ Nh4 29. Rxh4#)) (18... g3 $5) 19. Nf5 $1 $18 Bxf5 (19... gxf5 20.
Qh2 $1 fxe4 21. Qxh5 Bf5 22. Bf6 $3 exf6 23. Rdg1 $18 {/\Qh8#}) 20. exf5 Nc4 (
20... Ng3 21. Qh2 $18) 21. Qh2 $1 $146 {droht einfach fxg6.} (21. Qe1 Nxb2 22.
Bxe7 (22. fxg6 $1 $18) 22... f2 23. Qe3 Nxd1 24. Rxd1 Qc8 (24... Qb6 $1 25. Qg5
$140 $2 Qd4 $19) 25. fxg6 Qg4 26. Rf1 Qb4+ 27. Bb3 Bd4 28. gxf7+ Rxf7 29. Qe6
Qxb3+ 30. axb3 Ng7 31. Qc8+ Kh7 32. Rh1+ {1-0 Sziebert,A-Parkanyi,A/Budapest
FS06 IM-A (08) ;EXT 94 1994}) (21. Bxc4 bxc4 22. fxg6 fxg6 $15) 21... Be5 22.
Qh3 Kg7 {Almost any move wins for White here} (22... Nxb2 23. fxg6 $18) 23.
Qxf3 {Diese Zug sieht unschuldiger aus, als er ist. Another way of doing it was
} (23. Bxf7 {Johnson,M} Rh8 24. fxg6 Nxb2 25. Qxh5 $1 Rxh5 26. Rxh5 {
Threatening mate in 3 which Black can only prevent by massive material loss})
23... Nxb2 24. Bh6+ $3 {A very nice move but 24. Rdg1 was also sufficient} Kxh6
25. Rxh5+ $1 Kg7 (25... gxh5 {Petursson} 26. Rh1 $18) 26. Rdh1 gxh5 27. f6+ $1
Bxf6 28. Rg1+ Kh6 29. Qf4+ Kh7 30. Be4+ 1-0

[Event "Herzliya"]
[Site "Herzliya"]
[Date "1998.09.08"]
[Round "3"]
[White "Wells, Peter K"]
[Black "Afek, Yochanan"]
[Result "1/2-1/2"]
[WhiteElo "2515"]
[BlackElo "2375"]
[Annotator "Schulz,Andre"]
[PlyCount "49"]
[EventDate "1998.09.??"]
[EventType "tourn"]
[EventRounds "11"]
[EventCountry "ISR"]
[EventCategory "10"]
[SourceTitle "EXT 1999"]
[Source "ChessBase"]
[SourceDate "1998.11.16"]
[SourceVersion "1"]
[SourceVersionDate "1998.11.16"]
[SourceQuality "1"]

1. e4 c5 2. Nf3 d6 3. d4 cxd4 4. Nxd4 Nf6 5. Nc3 g6 6. Be3 Bg7 7. f3 Nc6 8. Qd2
O-O 9. Bc4 Bd7 10. O-O-O Rc8 11. Bb3 Ne5 12. Kb1 Nc4 13. Bxc4 Rxc4 14. g4 Qa5
15. Nb3 $146 ({Die prinzipielle Antwort ist} 15. Nd5 {Ein Partiebeispiel ist 
(U12 Meisterschaft)} Qd8 ({aber nach} 15... Qxd2 16. Nxe7+ (16. Nxf6+ Bxf6 17.
Rxd2 Rfc8 $15) (16. Rxd2 Nxd5 17. exd5 Rfc8 $11) 16... Kh8 17. Rxd2 Re8 18. g5
Nxe4 (18... Nh5 $2 19. Nd5 $16) 19. fxe4 Rxe7 20. Nb3 Be5 21. Bxa7 Rxe4 $11 {
hat Schwarz keine Probleme und steht vielleicht sogar besser.}) 16. Nxf6+ Bxf6
17. h4 Qb6 {und nun endet die Überlieferung mit  1-0 in Shiralieva,F-Cicicalo,
I/Tallinn 1997/EXT 98 (17), aber die Partie ist sicher noch weiter gegangen.})
15... Qd8 16. e5 Ne8 (16... Nxg4 $5 17. fxg4 Bxe5) 17. exd6 Nxd6 18. Nd5 (18.
Ne4 Rxe4 (18... Nxe4 $2 19. fxe4 Qc8 20. Qxd7 Rxc2 21. Bc1 $1 $18) 19. fxe4
Bxg4 $11) 18... Bc6 19. Rhe1 (19. Nxe7+ $4 Qxe7 {[%csl Re3]}) 19... Bxd5 20.
Qxd5 Qc7 21. Bc5 Rc8 22. Bxd6 exd6 23. c3 Be5 24. h3 a6 25. Re4 1/2-1/2

[Event "Yangon zt"]
[Site "Yangon"]
[Date "1998.12.12"]
[Round "5"]
[White "Mariano, Nelson"]
[Black "Myo, Naing"]
[Result "0-1"]
[WhiteElo "2435"]
[BlackElo "2345"]
[Annotator "Schulz,Andre"]
[PlyCount "58"]
[EventDate "1998.12.??"]
[EventType "swiss"]
[EventRounds "9"]
[EventCountry "BUR"]
[SourceTitle "CBM 069"]
[Source "ChessBase"]
[SourceDate "1999.04.01"]
[SourceVersion "1"]
[SourceVersionDate "1999.04.01"]
[SourceQuality "1"]

1. e4 c5 2. Ne2 Nc6 3. Nbc3 g6 4. d4 cxd4 5. Nxd4 Bg7 6. Be3 Nf6 7. Bc4 O-O 8.
Bb3 d6 9. f3 Bd7 10. Qd2 Rc8 11. O-O-O Ne5 12. h4 h5 13. Bg5 Rc5 {Das war ab
Mitte der 80er die Hauptvariante. Heute spielt Weiß meist 9.0-0-0.} 14. Nde2 {
Lahm.} (14. Kb1 Z0 15. g4 $140 $13) 14... b5 15. Qe3 {[%cal Ye3c5]} a5 16. a4
bxa4 17. Nxa4 Bxa4 18. Qxc5 {Diese Kombination verliert Material.} (18. Bxa4
Qb6 $40 {[%csl Rb2]}) 18... Bxb3 $1 (18... dxc5 $2 19. Rxd8 Rxd8 20. Bxa4 $11)
19. Qxe5 Bc4 20. Qh2 Bxe2 21. Rd2 Ba6 22. e5 Nd7 (22... Ne8 $5 23. Rhd1 Qb6)
23. exd6 Qb8 24. c3 Be5 25. Qh3 e6 (25... Nc5 $5 26. dxe7 Re8 {[%cal Rc5d3,
Rc5b3]}) 26. Rhd1 Rc8 27. f4 Bg7 28. Be7 Qb3 29. Rc2 a4 0-1